Central Library OPAC University of Rajshahi
Normal view MARC view

Entry Personal Name

Number of records used in: 2

001 - CONTROL NUMBER

  • control field: 3423

003 - CONTROL NUMBER IDENTIFIER

  • control field: BD-RjUL

005 - DATE AND TIME OF LATEST TRANSACTION

  • control field: 20220605155625.0

008 - FIXED-LENGTH DATA ELEMENTS

  • fixed length control field: 220605|| aca||aabn | a|a d

040 ## - CATALOGING SOURCE

  • Original cataloging agency: BD-RjUL
  • Transcribing agency: BD-RjUL

100 ## - HEADING--PERSONAL NAME

  • Personal name: Badruddoza, Shah Md., Co-Supervisor

670 ## - SOURCE DATA FOUND

  • Source citation: Work cat.: (BD-RjUL)79914: Islam, Md. Nazrul 3421, EVALUATION OF HAEMATOLOGICAL CHANGES IN CHRONIC RENAL FAILURE ;, 2008